LDR 00610naa#a2200193#i#450# 001 EN\\bibl\125571 005 20260702083531.4 011 ## _a2782-4586 100 ## _a20260630b2026####ek#y0engy0150####ca 102 ## _aRU 200 1# _aAnalysis of marketing tools used in HR management _eJournal article 210 1# _aMoscow _cITBO University _d2026 215 ## _a5 с. 608 ## _aJournal article _2local 675 ## _aВзаимоотношения на производстве. 658.3 _z 700 #1 _aAkimova _gYuliya Nikolaevna 700 #1 _aBoyko _gDaria Borisovna 700 #1 _aBelogolovaya _gAnna Anatolyevna 856 4# _ajomeam.ru _u